[Event "Vlissingen HZ op 22nd"]
[Site "Vlissingen"]
[Date "2018.08.04"]
[Round "1"]
[White "Ojas, Kulkarni"]
[Black "Andel, Daniel"]
[Result "1-0"]
[WhiteElo "2256"]
[BlackElo "1701"]
[PlyCount "55"]
[EventDate "2018.08.04"]
[EventType "swiss"]
[EventRounds "9"]
[EventCountry "NED"]
[SourceTitle "CBM 185 Extra"]
[Source "ChessBase"]
[SourceDate "2018.07.29"]
[SourceVersion "1"]
[SourceVersionDate "2018.07.29"]
[SourceQuality "1"]

1. c4 e5 2. g3 d5 3. cxd5 c6 4. dxc6 Nxc6 5. Bg2 Nf6 6. Nc3 Bc5 7. d3 0-0 8. Nf3 e4 9. dxe4 Qe7 10. 0-0 Rd8 11. Qc2 Nb4 12. Qb1 h6 13. a3 Nc6 14. b4 Nxb4 15. axb4 Bxb4 16. Bb2 a5 17. e5 Ne8 18. Rd1 Be6 19. e4 Nc7 20. Nd4 Bc4 21. Nf5 Qe6 22. Ne3 Bb3 23. Rxd8+ Rxd8 24. Ncd5 Nxd5 25. exd5 Qd7 26. Qe4 Rc8 27. e6 fxe6 28. Bh3 1-0